ESO workshop on site testing for future large telescopes (Record no. 9117)

MARC details
000 -LEADER
fixed length control field 00928nam a2200217Ia 4500
003 - CONTROL NUMBER IDENTIFIER
control field IN-BaIIA
008 - FIXED-LENGTH DATA ELEMENTS--GENERAL INFORMATION
fixed length control field 211028s9999 xx 000 0 eng d
020 ## - INTERNATIONAL STANDARD BOOK NUMBER
International Standard Book Number 3-923524-18-8
040 ## - CATALOGING SOURCE
Transcribing agency IIA Library
080 ## - UNIVERSAL DECIMAL CLASSIFICATION NUMBER
Universal Decimal Classification number 520.18(082.2)
Item number ESO
100 ## - MAIN ENTRY--PERSONAL NAME
Personal name Ardeberg, A.
9 (RLIN) 15307
111 ## - MAIN ENTRY--MEETING NAME
Meeting name or jurisdiction name as entry element ESO Workshop on Site Testing for Future Large Telescopes
Location of meeting La Silla, Munchen
Date of meeting or treaty signing 1983 Oct. 4-6
9 (RLIN) 15308
245 #0 - TITLE STATEMENT
Title ESO workshop on site testing for future large telescopes
Remainder of title proceedings of ESO workshop on site testing for future large telescopes, held in La Silla, October 4-6, 1983
Statement of responsibility, etc. A. Ardeberg and L. Woltjer
260 ## - PUBLICATION, DISTRIBUTION, ETC.
Place of publication, distribution, etc. Germany
Name of publisher, distributor, etc. European Southern Observatory
Date of publication, distribution, etc. 1984
300 ## - PHYSICAL DESCRIPTION
Extent 207p.
490 ## - SERIES STATEMENT
Series statement ESO conference and workshop proceedings; no.18
650 ## - SUBJECT ADDED ENTRY--TOPICAL TERM
Topical term or geographic name entry element Astronomy and astrophysics thesaurus
650 ## - SUBJECT ADDED ENTRY--TOPICAL TERM
Topical term or geographic name entry element Telescopes site testing
9 (RLIN) 15309
700 ## - ADDED ENTRY--PERSONAL NAME
Personal name Woltjer, L
9 (RLIN) 15310
942 ## - ADDED ENTRY ELEMENTS (KOHA)
Koha item type Books
Holdings
Withdrawn status Lost status Damaged status Not for loan Home library Current library Shelving location Date acquired Total Checkouts Full call number Barcode Date last seen Price effective from Koha item type Purchase Price
        IIA Library-Bangalore IIA Library-Bangalore General Stacks     520.18(082.2)/ ESO 10019 05/11/2021   Books DM 65

Powered by Koha